| 000 | 00547nam a2200181 i 4500 | ||
|---|---|---|---|
| 001 | 89460 | ||
| 003 | ES-MaACL | ||
| 005 | 20230906180159.0 | ||
| 007 | t| | ||
| 008 | 050110s1962 sp ||||1| spa d | ||
| 100 | 1 |
_aLania, Leo. _970078 |
|
| 245 | 1 | 0 |
_aHemingway _b: biografía ilustrada / _cLeo Lania ; [traducción del alemán por Emilio Donato]. |
| 250 | _a[1ª ed.]. | ||
| 260 |
_aBarcelona : _bDestino, _c[1962] |
||
| 300 |
_a140 p., 7 lám. : _bil. ; _c24 cm. |
||
| 700 | 1 |
_aDonato, Emilio. _945292 |
|
| 852 |
_aES-MaACL _jC-23361 _bR.52068 |
||
| 999 |
_c89460 _d89460 |
||